000 00517 a2200181 4500
003 OSt
005 20240207120558.0
008 240207b |||||||| |||| 00| 0 eng d
020 _a9789381788820
040 _coclc
082 _a894.8124
_bSIV/G
100 _aSivasankaran
_910406
245 _aGurunanakkum Sikhumathavum /
_cSivasankaran
250 _a1st ed.
260 _aKozhikode:
_bOlive Publications,
_c2013.
300 _a112p.
942 _2ddc
_cBK
_h894.8124
_iSIV/G
_k894.8124
_mSIV/G
999 _c44346
_d44346